MICROBIOLOGY AN INTRODUCTION (Record no. 15743)

MARC details
000 -LEADER
fixed length control field 00215nam a22001097a 4500
003 - CONTROL NUMBER IDENTIFIER
control field SGT
100 ## - MAIN ENTRY--PERSONAL NAME
Personal name TORTORA, FUNKE
245 ## - TITLE STATEMENT
Title MICROBIOLOGY AN INTRODUCTION
250 ## - EDITION STATEMENT
Edition statement 9TH
260 ## - PUBLICATION, DISTRIBUTION, ETC. (IMPRINT)
Name of publisher, distributor, etc PEARSON
942 ## - ADDED ENTRY ELEMENTS (KOHA)
Source of classification or shelving scheme Dewey Decimal Classification
Koha item type CDs & DVDs
Holdings
Withdrawn status Lost status Source of classification or shelving scheme Damaged status Not for loan Collection code Home library Current library Shelving location Date acquired Vendor Name SGTU Total Checkouts Accession No. (Barcode) Date last seen Bill Date Koha item type
    Dewey Decimal Classification     AYURVEDA SGT FA-FP Library SGT FA-FP Library On Display 31/07/2018 AHUJA PUB SGTU   FA-CD115 31/07/2018 31/07/2018 CDs & DVDs